[Event "Arab Clubs-chT"]
[Site "Agadir"]
[Date "2015.10.17"]
[Round "5.2"]
[White "Fellousi, Abdelaziz"]
[Black "Elgabry, Mohsen"]
[Result "0-1"]
[WhiteElo "2115"]
[BlackElo "2374"]
[PlyCount "50"]
[EventDate "2015.10.13"]
[EventType "team-swiss"]
[EventRounds "9"]
[EventCountry "MAR"]
[SourceTitle "CBM 170 Extra"]
[Source "ChessBase"]
[SourceDate "2016.02.25"]
[SourceVersion "1"]
[SourceVersionDate "2016.02.25"]
[SourceQuality "1"]
[WhiteTeam "Olympique Dcheira"]
[BlackTeam "Al Hawar"]
[WhiteTeamCountry "MAR"]
[BlackTeamCountry "EGY"]

1. e4 g6 2. d4 Bg7 3. f4 c5 4. d5 d6 5. c4 e6 6. Nc3 exd5 7. cxd5 a6 8. a4 Nf6 9. Nf3 0-0 10. Be2 Re8 11. Nd2 Nbd7 12. 0-0 Rb8 13. Qc2 Nf8 14. a5 Bg4 15. Bf3 Bxf3 16. Rxf3 Ng4 17. Nf1 Bd4+ 18. Kh1 f5 19. exf5 Qh4 20. g3 Qh5 21. Ne4 gxf5 22. Nxd6 Nxh2 23. Qxh2 Qxf3+ 24. Qg2 Qh5+ 25. Qh2 Qd1 0-1

[Event "Benidorm op U2300 07th"]
[Site "Benidorm"]
[Date "2008.12.01"]
[Round "3"]
[White "Fellousi, Abdelaziz"]
[Black "Gomez Anadon, Daniel"]
[Result "1-0"]
[WhiteElo "2112"]
[BlackElo "2286"]
[PlyCount "52"]
[EventDate "2008.11.29"]
[EventType "swiss"]
[EventRounds "9"]
[EventCountry "ESP"]
[SourceTitle "CBM 127 Extra"]
[Source "ChessBase"]
[SourceDate "2009.01.08"]
[SourceVersion "2"]
[SourceVersionDate "2009.01.28"]
[SourceQuality "1"]

1. e4 c5 2. Nf3 d6 3. d4 cxd4 4. Nxd4 Nf6 5. Nc3 a6 6. Bg5 e6 7. Qf3 h6 8. Bh4 Nbd7 9. Bd3 Qc7 10. 0-0-0 Be7 11. Qe2 b5 12. Bxf6 Nxf6 13. f4 b4 14. Nb1 Bb7 15. Nd2 0-0 16. g4 Rfc8 17. g5 hxg5 18. fxg5 Nh7 19. g6 Nf6 20. gxf7+ Kxf7 21. Rhg1 Bf8 22. N2f3 Re8 23. Ng5+ Kg8 24. Rdf1 Qb6 25. Ngxe6 d5 26. e5 Ne4 1-0

[Event "Gibraltar Challengers-B"]
[Site "Gibraltar"]
[Date "2008.01.29"]
[Round "3"]
[White "Fellousi, Abdelaziz"]
[Black "Haugstad, Espen"]
[Result "1-0"]
[WhiteElo "2110"]
[BlackElo "2042"]
[PlyCount "57"]
[EventDate "2008.01.27"]
[EventType "swiss"]
[EventRounds "5"]
[EventCountry "ENG"]
[SourceTitle "CBM 122 Extra"]
[Source "ChessBase"]
[SourceDate "2008.03.04"]
[SourceVersion "1"]
[SourceVersionDate "2008.03.04"]
[SourceQuality "1"]

1. e4 c5 2. Nf3 e6 3. d4 cxd4 4. Nxd4 a6 5. Nc3 Qc7 6. Bd3 Nf6 7. 0-0 Nc6 8. Nb3 b5 9. a3 d6 10. f4 Be7 11. Qf3 0-0 12. g4 Bb7 13. g5 Nd7 14. Qh3 Qd8 15. Qg3 f5 16. exf5 exf5 17. Nd5 Nb6 18. Nxb6 Qxb6+ 19. Be3 Qc7 20. Rae1 d5 21. Nd4 Nxd4 22. Bxd4 Bc5 23. Qf2 Bxd4 24. Qxd4 Rae8 25. Rxe8 Rxe8 26. Bxf5 Qf7 27. Qd3 d4 28. Bxh7+ Kh8 29. Qh3 1-0

[Event "Gibraltar Challengers-B"]
[Site "Gibraltar"]
[Date "2008.01.28"]
[Round "2"]
[White "Whitfield, Craig M"]
[Black "Fellousi, Abdelaziz"]
[Result "0-1"]
[WhiteElo "1728"]
[BlackElo "2110"]
[PlyCount "82"]
[EventDate "2008.01.27"]
[EventType "swiss"]
[EventRounds "5"]
[EventCountry "ENG"]
[SourceTitle "CBM 122 Extra"]
[Source "ChessBase"]
[SourceDate "2008.03.04"]
[SourceVersion "1"]
[SourceVersionDate "2008.03.04"]
[SourceQuality "1"]

1. e4 c5 2. Nf3 d6 3. d4 cxd4 4. Nxd4 Nf6 5. Nc3 a6 6. Bg5 Nbd7 7. f4 Qc7 8. Qf3 e6 9. 0-0-0 Be7 10. Bd3 h6 11. Bh4 g5 12. fxg5 Ne5 13. Qe2 Nfg4 14. Nf3 Ng6 15. Bg3 hxg5 16. Kb1 N4e5 17. Rhf1 Bd7 18. Nxe5 dxe5 19. Qf2 Nf4 20. Bxf4 gxf4 21. g3 Bc5 22. Qf3 Be3 23. h4 0-0-0 24. Ne2 Ba4 25. b3 Be8 26. gxf4 exf4 27. Nxf4 Bd4 28. c3 Be5 29. Ng2 Kb8 30. Rc1 Rg8 31. Rfd1 Rg3 32. Qe2 Bc6 33. Rc2 f5 34. Ne3 Rxd3 35. Rxd3 Bxe4 36. h5 f4 37. h6 Rxe3 38. Rxe3 fxe3 39. Qxe3 Qxc3 40. Qxc3 Bxc3 41. h7 Bxh7 0-1

[Event "Gibraltar Challengers Week2"]
[Site "Gibraltar"]
[Date "2007.01.28"]
[Round "1"]
[White "Schmidt, Raul"]
[Black "Fellousi, Abdelaziz"]
[Result "1/2-1/2"]
[WhiteElo "1979"]
[BlackElo "2118"]
[PlyCount "42"]
[EventDate "2007.01.28"]
[EventType "swiss"]
[EventRounds "5"]
[EventCountry "ENG"]
[SourceTitle "EXT 2008"]
[Source "ChessBase"]
[SourceDate "2007.11.25"]
[SourceVersion "1"]
[SourceVersionDate "2007.11.25"]
[SourceQuality "1"]

1. d4 Nf6 2. Nc3 d5 3. Bg5 Bf5 4. e3 e6 5. Bd3 Be7 6. Bxf5 exf5 7. Bxf6 Bxf6 8. Qf3 c6 9. Qxf5 0-0 10. Nf3 Qb6 11. 0-0-0 Na6 12. e4 Nb4 13. a3 dxe4 14. Nxe4 Nd5 15. c4 Rac8 16. Nc3 Be7 17. Qc2 Qa5 18. Rd3 Rc7 19. Kd2 b5 20. Re1 b4 21. axb4 Nxb4 1/2-1/2

[Event "Casablanca Sekkat Memorial"]
[Site "Casablanca"]
[Date "2005.12.19"]
[Round "2"]
[White "Lahcini, Khalid"]
[Black "Fellousi, Abdelaziz"]
[Result "1/2-1/2"]
[WhiteElo "2225"]
[BlackElo "2135"]
[PlyCount "113"]
[EventDate "2005.12.18"]
[EventType "swiss"]
[EventRounds "5"]
[EventCountry "MAR"]
[SourceTitle "CBM 110 Extra"]
[Source "ChessBase"]
[SourceDate "2006.03.10"]
[SourceVersion "2"]
[SourceVersionDate "2006.03.10"]
[SourceQuality "1"]

1. d4 Nf6 2. c4 c5 3. d5 e6 4. Nc3 exd5 5. cxd5 d6 6. h3 g6 7. Bf4 Bg7 8. e3 0-0 9. Nf3 Na6 10. Bc4 Nc7 11. 0-0 a6 12. a4 Re8 13. Qb3 Ne4 14. Rac1 Nxc3 15. bxc3 b5 16. axb5 Rb8 17. b6 Na8 18. Qa2 Qxb6 19. Qa4 Nc7 20. Qc6 Qxc6 21. dxc6 Be5 22. Bxe5 dxe5 23. Rfd1 h6 24. Rd6 Kg7 25. Rcd1 e4 26. Rd7 Bxd7 27. cxd7 Re7 28. d8Q Rxd8 29. Rxd8 exf3 30. gxf3 Nb5 31. Bxb5 axb5 32. Rb8 b4 33. cxb4 cxb4 34. Rxb4 Ra7 35. Kg2 Ra1 36. h4 Rc1 37. Rb5 Rc4 38. f4 h5 39. Kg3 f5 40. Rb6 Re4 41. Rd6 Kf7 42. Kf3 Ra4 43. Rd5 Kf6 44. Re5 Ra3 45. Kg3 Rb3 46. f3 Ra3 47. e4 fxe4 48. Rxe4 Ra7 49. Re5 Ra4 50. Rg5 Rb4 51. f5 gxf5 52. Rxh5 Rc4 53. Rh6+ Kg7 54. Ra6 Rb4 55. h5 Rc4 56. Rg6+ Kf7 57. Rb6 1/2-1/2

[Event "Rabat op 3rd"]
[Site "Rabat"]
[Date "2004.06.26"]
[Round "2"]
[White "Sulypa, Oleksandr"]
[Black "Fellousi, Abdelaziz"]
[Result "1-0"]
[WhiteElo "2488"]
[BlackElo "2188"]
[PlyCount "43"]
[EventDate "2004.06.25"]
[EventType "swiss"]
[EventRounds "9"]
[EventCountry "MAR"]
[SourceTitle "CBM 101 Extra"]
[Source "ChessBase"]
[SourceDate "2004.09.01"]
[SourceVersion "2"]
[SourceVersionDate "2004.09.01"]
[SourceQuality "1"]

1. d4 Nf6 2. c4 g6 3. Nc3 d5 4. Nf3 Bg7 5. Qb3 c6 6. Bf4 dxc4 7. Qxc4 Be6 8. Qd3 Na6 9. e4 Qa5 10. Be2 Nh5 11. Be3 f5 12. Ng5 fxe4 13. Qd1 Bf7 14. Nxf7 Kxf7 15. Qb3+ e6 16. Qxb7+ Nc7 17. Bxh5 gxh5 18. Qxc6 Rad8 19. 0-0 Bxd4 20. Nxe4 Qe5 21. Ng5+ Kg8 22. Nf3 1-0

[Event "Gibraltar Masters"]
[Site "Catalan Bay"]
[Date "2004.02.05"]
[Round "10"]
[White "Fellousi, Abdelaziz"]
[Black "Contin, Daniel"]
[Result "0-1"]
[WhiteElo "2188"]
[BlackElo "2394"]
[PlyCount "74"]
[EventDate "2004.01.27"]
[EventType "swiss"]
[EventRounds "10"]
[EventCountry "ENG"]
[SourceTitle "CBM 098 Extra"]
[Source "ChessBase"]
[SourceDate "2004.03.10"]
[SourceVersion "2"]
[SourceVersionDate "2004.03.10"]
[SourceQuality "1"]

1. e4 e6 2. d4 d5 3. Nd2 c5 4. exd5 exd5 5. Bb5+ Bd7 6. Qe2+ Be7 7. dxc5 Nf6 8. Ngf3 0-0 9. Nb3 Re8 10. Be3 a6 11. Bd3 a5 12. a4 Na6 13. Bxa6 Rxa6 14. 0-0 Ng4 15. Qd3 Nxe3 16. fxe3 Qc7 17. Qxd5 Bf6 18. Ng5 Bc6 19. Qf5 Bxg2 20. Qxh7+ Kf8 21. Rxf6 Rxf6 22. Qh8+ Ke7 23. Qxg7 Qe5 24. Re1 Rh8 25. Qxh8 Qxg5 26. Qxf6+ Kxf6 27. Kf2 Qh4+ 28. Ke2 Bf3+ 29. Kxf3 Qxe1 30. Ke4 Qb4+ 31. Kd5 Qxa4 32. Nd4 Qe8 33. Kc4 Qxe3 34. c3 Qf2 35. b3 Qxh2 36. Kb5 Qb2 37. Kc4 Kg6 0-1

[Event "Gibraltar Masters"]
[Site "Catalan Bay"]
[Date "2004.02.04"]
[Round "9"]
[White "Mohota, Nisha"]
[Black "Fellousi, Abdelaziz"]
[Result "1/2-1/2"]
[WhiteElo "2337"]
[BlackElo "2188"]
[PlyCount "133"]
[EventDate "2004.01.27"]
[EventType "swiss"]
[EventRounds "10"]
[EventCountry "ENG"]
[SourceTitle "CBM 098 Extra"]
[Source "ChessBase"]
[SourceDate "2004.03.10"]
[SourceVersion "2"]
[SourceVersionDate "2004.03.10"]
[SourceQuality "1"]

1. d4 Nf6 2. c4 g6 3. Nc3 Bg7 4. e4 d6 5. f3 0-0 6. Nge2 c5 7. Be3 cxd4 8. Nxd4 Nc6 9. Qd2 Bd7 10. Be2 Rc8 11. Rc1 Ne5 12. b3 a6 13. 0-0 Re8 14. Nd5 Nc6 15. Nc2 Nxd5 16. cxd5 Ne5 17. f4 Ng4 18. Bxg4 Bxg4 19. f5 gxf5 20. exf5 e6 21. fxe6 fxe6 22. dxe6 Bxe6 23. Nd4 Rxc1 24. Rxc1 Bd7 25. Bf2 Rf8 26. Rc3 Qa5 27. Rd3 Qh5 28. Rf3 Qd5 29. Rxf8+ Kxf8 30. Qf4+ Kg8 31. Be3 Qe5 32. Qxe5 dxe5 33. Ne2 Kf7 34. Kf2 Ke6 35. Nc3 Bc6 36. g4 b5 37. h4 Bf8 38. Nb1 a5 39. Ke2 a4 40. Kd3 Bf3 41. Nc3 axb3 42. axb3 b4 43. Ne4 Bxg4 44. Bc5 Bxc5 45. Nxc5+ Kf5 46. Ke3 Bd1 47. Nd3 Bxb3 48. Nxb4 Bc4 49. Nc2 Bd5 50. Nb4 Ba8 51. Nd3 Bc6 52. Nf2 h5 53. Nd3 Be4 54. Nb4 Bb1 55. Kf3 Be4+ 56. Ke3 Bh1 57. Nd3 e4 58. Nc5 Bf3 59. Nb3 Ke5 60. Nd2 Bg2 61. Nc4+ Kd5 62. Nd2 Bh1 63. Nf1 Bf3 64. Kf4 Kd4 65. Ne3 Kd3 66. Nf5 Ke2 67. Ng3+ 1/2-1/2

[Event "Gibraltar Masters"]
[Site "Catalan Bay"]
[Date "2004.02.02"]
[Round "7"]
[White "Vijayalakshmi, Subbaraman"]
[Black "Fellousi, Abdelaziz"]
[Result "1-0"]
[WhiteElo "2444"]
[BlackElo "2188"]
[PlyCount "139"]
[EventDate "2004.01.27"]
[EventType "swiss"]
[EventRounds "10"]
[EventCountry "ENG"]
[SourceTitle "CBM 098 Extra"]
[Source "ChessBase"]
[SourceDate "2004.03.10"]
[SourceVersion "2"]
[SourceVersionDate "2004.03.10"]
[SourceQuality "1"]

1. e4 e5 2. Nf3 Nf6 3. Nc3 Nc6 4. g3 Bc5 5. Bg2 d6 6. d3 a6 7. 0-0 0-0 8. h3 h6 9. Be3 Ba7 10. d4 exd4 11. Nxd4 Bd7 12. Nxc6 Bxc6 13. Bxa7 Rxa7 14. f4 Nd7 15. Qd4 Ra8 16. Rad1 Qe7 17. Rfe1 Rfe8 18. Qf2 Qe6 19. b3 Qf6 20. Re3 Re7 21. a4 Nc5 22. Qd2 Rae8 23. Rde1 Qg6 24. Qd4 b6 25. Kh2 a5 26. R3e2 Ne6 27. Qf2 Nc5 28. g4 Qf6 29. Qg3 Qd4 30. Rd1 Qb4 31. e5 Bxg2 32. Kxg2 Qa3 33. Nd5 Rd7 34. Qc3 Ne6 35. f5 Nf8 36. e6 fxe6 37. fxe6 Rxe6 38. Rxe6 Nxe6 39. Qe3 Nf8 40. Ne7+ Rxe7 41. Qxe7 Qc5 42. Qe4 Nd7 43. Qd5+ Qxd5+ 44. Rxd5 Kf7 45. Kf3 Ke6 46. Rd2 d5 47. h4 c6 48. Re2+ Kf6 49. Re8 c5 50. h5 c4 51. bxc4 Ne5+ 52. Ke3 Nxc4+ 53. Kd4 Nb2 54. Kxd5 Nxa4 55. Kc6 Kg5 56. Re6 Nb2 57. Rg6+ Kh4 58. Kb5 a4 59. Kb4 b5 60. Rxg7 Nc4 61. Kxb5 Na3+ 62. Kxa4 Nxc2 63. Re7 Kxg4 64. Re2 Nd4 65. Re4+ Kxh5 66. Rxd4 Kg5 67. Kb3 h5 68. Kc2 h4 69. Kd2 h3 70. Ke2 1-0